Czechoslovak Economic Papers 26

Gespeichert in:
Bibliographische Detailangaben
Format: Buch
Sprache:Englisch
Veröffentlicht: Prague Academia 1989
Ausgabe:1. ed.
Tags: Tag hinzufügen
Keine Tags, Fügen Sie das erste Tag hinzu!

MARC

LEADER 00000nam a2200000 4500
001 c032258
005 20221215113522.7
041 0 |a eng 
044 |a CZ 
245 1 0 |a Czechoslovak Economic Papers 26 
250 |a 1. ed. 
264 1 |a Prague  |b Academia  |c 1989 
300 |a 121 s.